| 000 | 01206nam a22003137a 4500 | ||
|---|---|---|---|
| 003 | EG-ScBUE | ||
| 005 | 20221026100151.0 | ||
| 008 | 170726s2002 ua c f 000 0dara d | ||
| 017 | _a2002 / 2364 | ||
| 020 | _a9770907979 | ||
| 040 |
_aEG-ScBUE _bara _erda _cEG-ScBUE _dEG-ScBUE |
||
| 041 |
_aara _aeng |
||
| 082 | 0 | 4 |
_222 _a708.96216 _bش ا ر |
| 100 | 1 |
_aشاروني، صبحي، _eمؤلف. |
|
| 245 | 1 | 2 |
_aالفنان مصطفى أحمد / _cإعداد الدكتور صبحي الشاروني ؛ تقديم الدكتورة سميرة أبو زيد. |
| 246 | 1 | 5 | _aPainter Mostafa Ahmed |
| 264 | 1 |
_aالقاهرة : _bدار الشروق، _c2002. |
|
| 300 |
_a150 صفحة : _bلوحات ؛ _c30 سم |
||
| 546 | _aالنص باللغتين العربية والإنجليزية. | ||
| 590 | _aسارة | ||
| 600 | 1 | 7 |
_2BUEsh _aمصطفى، مصطفى أحمد، _d1930-1999 _xمجموعات فنية. |
| 650 | 7 |
_2BUEsh _aالرسامون المصريون _vصور ولوحات _vتراجم. |
|
| 650 | 7 |
_2BUEsh _aاللوحات الفنية. |
|
| 651 | _2BUEsh | ||
| 653 |
_bGGEN _cJuly2017 |
||
| 655 | _vReading book | ||
| 700 | 1 |
_aأبو زيد، سميرة، _eمقدم. |
|
| 942 | _2ddc | ||
| 999 |
_c25077 _d25049 |
||